The Complete world bartender guide / (Запис № 483334)

МАРК-запис
000 -LEADER
fixed length control field 01359cam a2200337Ia 4500
001 - CONTROL NUMBER
control field completeworldbar00senn
003 - CONTROL NUMBER IDENTIFIER
control field CaSfIA
005 - DATE AND TIME OF LATEST TRANSACTION
control field 20210117225310.0
007 - PHYSICAL DESCRIPTION FIXED FIELD--GENERAL INFORMATION
fixed length control field cr||||
008 - FIXED-LENGTH DATA ELEMENTS--GENERAL INFORMATION
fixed length control field 850826r1984uuuunyua 001 0 eng d
040 ## - CATALOGING SOURCE
Original cataloging agency SPP
Transcribing agency SPP
Modifying agency OCLCQ
-- CaSfIA
020 ## - INTERNATIONAL STANDARD BOOK NUMBER
International Standard Book Number 0553231650 (pbk.) :
Terms of availability $3.95
020 ## - INTERNATIONAL STANDARD BOOK NUMBER
International Standard Book Number 9780553231656 (pbk.)
035 ## - SYSTEM CONTROL NUMBER
System control number (OCoLC)12426828
082 #4 - DEWEY DECIMAL CLASSIFICATION NUMBER
Classification number 641.874
090 ## - LOCALLY ASSIGNED LC-TYPE CALL NUMBER (OCLC); LOCAL CALL NUMBER (OCLC)
Classification number (OCLC) (R) ; Classification number, CALL (RLIN) (NR) TX951
Local cutter number (OCLC) ; Book number/undivided call number, CALL (RLIN) .C6 1984
245 04 - TITLE STATEMENT
Title The Complete world bartender guide /
Medium [electronic resource]
Statement of responsibility, etc edited by Bob Sennett.
260 ## - PUBLICATION, DISTRIBUTION, ETC. (IMPRINT)
Place of publication, distribution, etc New York :
Name of publisher, distributor, etc Bantam Books,
Date of publication, distribution, etc [1984]
300 ## - PHYSICAL DESCRIPTION
Extent 462 p. :
Other physical details ill. ;
Dimensions 18 cm.
500 ## - GENERAL NOTE
General note Includes index.
506 ## - RESTRICTIONS ON ACCESS NOTE
Standardized terminology for access restriction Необхідна авторизація на https://archive.org/ (створення облікового запису безкоштовно)
506 ## - RESTRICTIONS ON ACCESS NOTE
Standardized terminology for access restriction Необхідна авторизація на https://openlibrary.org/ (створення облікового запису безкоштовно)
650 #0 - SUBJECT ADDED ENTRY--TOPICAL TERM
Topical term or geographic name as entry element Cocktails.
650 #0 - SUBJECT ADDED ENTRY--TOPICAL TERM
Topical term or geographic name as entry element Alcoholic beverages.
650 #0 - SUBJECT ADDED ENTRY--TOPICAL TERM
Topical term or geographic name as entry element Liquors.
650 #0 - SUBJECT ADDED ENTRY--TOPICAL TERM
Topical term or geographic name as entry element Bartending.
700 1# - ADDED ENTRY--PERSONAL NAME
Personal name Sennett, Bob.
856 41 - ELECTRONIC LOCATION AND ACCESS
Uniform Resource Identifier <a href="http://www.archive.org/details/completeworldbar00senn">http://www.archive.org/details/completeworldbar00senn</a>
Public note Free eBook from the Internet Archive
856 42 - ELECTRONIC LOCATION AND ACCESS
Uniform Resource Identifier <a href="http://www.openlibrary.org/books/OL24203931M">http://www.openlibrary.org/books/OL24203931M</a>
Public note Additional information and access via Open Library
942 ## - ADDED ENTRY ELEMENTS (KOHA)
Koha item type ЕКнига

Немає доступних примірників.